Wagner and the French muse : music, society, and nation in modern France /

Bibliographic Details
Main Author: Du Quenoy, Paul, 1977-
Format: Book
Language:English
Published: Bethesda : Academica Press, [2011]
Subjects:

MARC

Tag First Indicator Second Indicator Subfields
LEADER 00000cam a2200000 a 4500
001 in00002703921
005 20151202123405.0
008 110302s2011 mdua b 001 0 eng
010 |a  2011009553 
020 |a 9781930901803 
020 |a 1930901801 
029 1 |a HEBIS  |b 262863154 
035 |a (OCoLC)ocn154703984 
035 |a (OCoLC)154703984 
040 |a DLC  |c DLC  |d YDX  |d BTCTA  |d BAKER  |d YDXCP  |d BWX  |d UtOrBLW 
042 |a pcc 
043 |a e-fr--- 
049 |a TXAM 
050 0 0 |a ML410.W12  |b F637 2011 
082 0 0 |a 782.1092  |2 22 
100 1 |a Du Quenoy, Paul,  |d 1977- 
245 1 0 |a Wagner and the French muse :  |b music, society, and nation in modern France /  |c Paul du Quenoy. 
264 1 |a Bethesda :  |b Academica Press,  |c [2011] 
264 4 |c ©2011 
300 |a xi, 219 pages :  |b illustrations ;  |c 24 cm. 
336 |a text  |b txt  |2 rdacontent 
337 |a unmediated  |b n  |2 rdamedia 
338 |a volume  |b nc  |2 rdacarrier 
504 |a Includes bibliographical references and index. 
505 0 |a "On my true path" : beginnings, 1839-1860 -- "Full of enthusiasm for the new art" : growth, 1860-1883 -- "The greatest man who ever lived" : apotheosis, 1883-1914 -- "The patrimony of all humanity" : at war, 1914-1918 -- 'Honeymoon to Bayreuth' : in peace and war, 1918-1944 -- 'An amnesty for Wagner? Yes!' : postwar, 1944-2009. 
600 1 0 |a Wagner, Richard,  |d 1813-1883  |x Influence. 
650 0 |a Music  |x Social aspects  |z France  |x History  |y 19th century. 
650 0 |a Music  |x Social aspects  |z France  |x History  |y 20th century. 
650 0 |a Music, Influence of. 
938 |a Baker and Taylor  |b BTCP  |n BK0007255642 
938 |a Baker & Taylor  |b BKTY  |c 74.95  |d 74.95  |i 1930901801  |n 0007255642  |s active 
938 |a YBP Library Services  |b YANK  |n 2193490 
938 |a Blackwell Book Service  |b BBUS  |n 2193490 
947 |a A14840440239 
945 |a PromptCat  |b 526234 
946 |a stk 
994 |a 92  |b TXA 
948 |a Cataloged  |b h  |c 2011/7/20  |d c  |e EGrant 
999 |a MARS 
999 f f |s dd988f6d-f8ed-35fd-8102-7457bd7ff014  |i d9bdd62f-d738-3fca-a468-bcbb771f8b5d  |t 0 
952 f f |p normal  |a Texas A&M University  |b College Station  |c Sterling C. Evans Library  |d Evans: Library Stacks  |t 0  |e ML410.W12 F637 2011  |h Library of Congress classification  |i unmediated -- volume  |m A14840440239 
998 f f |a ML410.W12 F637 2011  |t 0  |l Evans: Library Stacks